Pays du monde commençant par K - Avec carte - Statistiques

Statistiques générales
  • Ce quiz a été pris 1 859 fois
  • Le résultat moyen est 5 sur 6
Réponses sur la Carte
Les réponses sont colorées sur une échelle allant du rouge au vert en fonction du pourcentage des utilisateurs qui les ont devinées à leur premier essai. Vous pouvez retrouver ces pourcentages ci-dessous.
 
Statistiques - réponses
Continent Pays % Correct
Asie Kazakhstan
96%
Afrique Kenya
94%
Europe Kosovo
92%
Asie Kirghizistan
88%
Asie Koweït
84%
Océanie Kiribati
82%
Aucun quiz correspondant
Distribution des résultats
% des personnes avec chaque résultat
Percentile par nombre de réponses
Votre historique - résultats
Vous n’avez pas pris ce quiz